[Event "Moscow VAO IM 07"]
[Site "Moscow"]
[Date "2014.??.??"]
[Round "?"]
[White "Bagirov, Rufat"]
[Black "Annageldyev, Orazly"]
[Result "1-0"]
[WhiteElo "2457"]
[BlackElo "2379"]
[PlyCount "23"]
[EventDate "2014.07.06"]
[EventType "tourn"]
[EventRounds "9"]
[EventCountry "RUS"]
[EventCategory "6"]
[SourceTitle "EXT 2015"]
[Source "ChessBase"]
[SourceDate "2014.11.20"]
[SourceVersion "1"]
[SourceVersionDate "2014.11.20"]
[SourceQuality "1"]

1. d4 g6 2. Bg5 Bg7 3. Nc3 d5 4. Qd2 Nc6 5. e3 Nf6 6. f3 a6 7. 0-0-0 b5 8. Nge2 Na5 9. Bxf6 Bxf6 10. Nf4 c6 11. h4 h5 12. e4 1-0

[Event "Moscow VAO IM 07"]
[Site "Moscow"]
[Date "2014.??.??"]
[Round "?"]
[White "Dvalishvili, Pavel S"]
[Black "Annageldyev, Orazly"]
[Result "1-0"]
[WhiteElo "2429"]
[BlackElo "2377"]
[PlyCount "91"]
[EventDate "2014.07.06"]
[EventType "tourn"]
[EventRounds "9"]
[EventCountry "RUS"]
[EventCategory "6"]
[SourceTitle "EXT 2015"]
[Source "ChessBase"]
[SourceDate "2014.11.20"]
[SourceVersion "1"]
[SourceVersionDate "2014.11.20"]
[SourceQuality "1"]

1. e4 c5 2. Nf3 Nc6 3. Bb5 e6 4. Bxc6 bxc6 5. 0-0 Ne7 6. Re1 Ng6 7. b3 e5 8. c3 d6 9. d4 cxd4 10. cxd4 Bg4 11. Qc2 c5 12. dxe5 Bxf3 13. gxf3 Nxe5 14. Nd2 Qg5+ 15. Kf1 Qh5 16. Ke2 Be7 17. Bb2 0-0 18. Bxe5 dxe5 19. Nf1 c4 20. bxc4 Bc5 21. Rad1 Bd4 22. Ne3 Rab8 23. Rb1 Rbc8 24. Rh1 Bxe3 25. fxe3 Rc6 26. h4 Rfc8 27. Kf2 h6 28. Rb4 a5 29. Ra4 Rf6 30. Qe2 Rb8 31. f4 Qg6 32. f5 Rxf5+ 33. exf5 Qxf5+ 34. Kg3 e4 35. Qg4 Qc5 36. Qxe4 Rb6 37. Rd1 Qc7+ 38. Kh3 Rg6 39. Qf3 Qc8+ 40. Kh2 Qb8+ 41. Kh1 Rg3 42. Qf4 Qb7+ 43. e4 Rg6 44. Rxa5 Qc8 45. Rf5 Qxc4 46. h5 1-0